000 00674nam a2200229Ii 4500
003 JO-AjNU
008 230605s9999||||xx |||||||||||||| ||und||
017 _a2006/3/475
020 _a9957-38-066-4
040 _aJO-AjNU
_bara
_erda
_cJO-AjNU
041 _aara
050 1 4 _aLB2805.A2854 2006
100 3 _aأبو الكشك،محمد نايف,
_eauthor
_922640
245 0 0 _aالإدارة المدرسية المعاصرة
250 _aط1
264 3 1 _aعمان:دار جرير،2006
300 _a159ص
336 _atext
_btxt
_2rdacontent
337 _aunmediated
_bn
_2rdamedia
338 _avolume
_bnc
_2rdacarrier
650 4 _aمدارس-إدارة
_922641
999 _aA8069
_c11637
_d11637